Geography Quiz

Random Geography or City Quiz
Score 0/25 Timer 04:00
2 Plays Today
Country % Correct
Vatican City
96.7%
Monaco
84.3%
San Marino
81.3%
Andorra
78.5%
Liechtenstein
76%
Saint Kitts and Nevis
62%
Nauru
60.8%
Singapore
60.6%
Tuvalu
59.9%
Saint Lucia
58.5%
St. Vincent + Gren.
57.9%
Palau
57.6%
Malta
57.4%
Country % Correct
Barbados
56%
Marshall Islands
55.4%
Grenada
54%
Seychelles
53.9%
Tonga
53.4%
Kiribati
53.2%
Antigua and Barbuda
51.9%
Maldives
51.2%
Micronesia
50.4%
Dominica
50.1%
São Tomé and Príncipe
46.6%
Bahrain
41.5%
Remove Ads.
Support Sporcle.
Get the best of Sporcle when you Go Orange. This ad-free experience offers more features, more stats, and more fun while also helping to support Sporcle. Thank you for becoming a member.

You're not logged in!

Compare scores with friends on all Sporcle quizzes.
OR
Log In

Show Comments

Extras

Top Quizzes Today


Score Distribution

Your Account Isn't Verified!

In order to create a playlist on Sporcle, you need to verify the email address you used during registration. Go to your Sporcle Settings to finish the process.

Report this User

Report this user for behavior that violates our Community Guidelines.

Details: